| LEADER : 00000nam 2200000uu 4500 |
| 001 13399129177 |
| 003 ULIB |
| 008 260422s2568||||th 000 0 tha d |
| 020 ^a9789746302005 : ^c360 บาท
|
| 060 0 ^aWY157^bป147ท
|
| 100 0 ^aปณิตา ปรีชากรกนกกุล
|
| 245 1 ^aทักษะปฏิบัติการพยาบาลมารดา-ทารกและการผดุงครรภ์ /^cปณิตา ปรีชากรกนกกุล ... และคนอื่น ๆ
|
| 250 ^aพิมพ์ครั้งที่ 1.
|
| 260 ^aนครราชสีมา :^bคณะพยาบาลศาสตร์ มหาวิทยาลัยวงษ์ชวลิตกุล,^c2568
|
| 300 ^a258 หน้า :^bภาพประกอบ, ตาราง
|
| 505 0 ^aบทที่ 1 ทักษะปฏิบัติ : การรับฝากครรภ -- บทที่ 2 ทักษะปฏิบัติ : การรับใหม่ผู้คลอด -- บทที่ 3 ทักษะปฏิบัติ : การเฝ้าคลอด -- บทที่ 4 ทักษะปฏิบัติ : การช่วยคลอด -- บทที่ 5 ทักษะปฏิบัติ : การทำคลอดปกติ -- บทที่ 6 ทักษะปฏิบัติ : การดูแลทารกแรกเกิดทันที -- บทที่ 7 ทักษะปฏิบัติ : การดูแลในระบะ 2 ชั่วโมงแรกหลังคลอด -- บทที่ 8 ทักษะปฏิบัติ : การประเมินสภาพมารดาหลังคลอดปกติ
|
| 505 0 ^aสารบัญ : บทที่ 1 ทักษะปฏิบัติ : การรับฝากครรภ -- บทที่ 2 ทักษะปฏิบัติ : การรับใหม่ผู้คลอด -- บทที่ 3 ทักษะปฏิบัติ : การเฝ้าคลอด -- บทที่ 4 ทักษะปฏิบัติ : การช่วยคลอด -- บทที่ 5 ทักษะปฏิบัติ : การทำคลอดปกติ -- บทที่ 6 ทักษะปฏิบัติ : การดูแลทารกแรกเกิดทันที -- บทที่ 7 ทักษะปฏิบัติ : การดูแลในระบะ 2 ชั่วโมงแรกหลังคลอด -- บทที่ 8 ทักษะปฏิบัติ : การประเมินสภาพมารดาหลังคลอดปกติ.
|
| 610 2 ^aการพยาบาลมารดาทารกและการผดุงครรภ์.
|
| 650 4 ^aการตั้งครรภ์.
|
| 650 4 ^aการผดุงครรภ์.
|
| 650 4 ^aครรภ์.
|
| 650 4 ^aทักษะปฏิบัติการพยาบาล.
|
| 650 4 ^aมารดาและทารก.
|
| 650 4 ^aสตรีมีครรภ์.
|
| 650 7 ^aการพยาบาลกุมารเวชศาสตร์
|
| 650 7 ^aการพยาบาลสูติศาสตร์
|
| 700 0 ^aศุกลรัตน์ ชาญวิรัตน์
|
| 700 0 ^aแสงเดือน จินดาไพศาล
|
| 700 0 ^aอินทิพร ปักเคเต
|
| 999 ^aประนอม เกษจรัล
|